Computer system architecture (Record no. 34713)

MARC details
000 -LEADER
fixed length control field 00391nam a22001697a 4500
005 - DATE AND TIME OF LATEST TRANSACTION
control field 20231121090812.0
008 - FIXED-LENGTH DATA ELEMENTS--GENERAL INFORMATION
fixed length control field 231113b |||||||| |||| 00| 0 eng d
020 ## - INTERNATIONAL STANDARD BOOK NUMBER
ISBN 9780131757387
082 ## - DEWEY DECIMAL CLASSIFICATION NUMBER
Classification number 004.22
Item number MAN
100 ## - MAIN ENTRY--AUTHOR
Author Name Mano; M. Morris
245 ## - TITLE STATEMENT
Title Computer system architecture
250 ## - EDITION STATEMENT
Edition statement 3rd ed.
300 ## - PHYSICAL DESCRIPTION
Pages 525
500 ## - GENERAL NOTE
General note Include Index
650 ## - SUBJECT ADDED ENTRY--TOPICAL TERM
Subject / Department Computer

No items available.

Powered by Koha